| 000 | 00370nam a2200145Ia 4500 | ||
|---|---|---|---|
| 008 | 150201s1996 xx 000 0 und d | ||
| 082 |
_a617.643 _bP1996L |
||
| 100 | _aLINDEN,VANDER | ||
| 245 | _aPRACTICAL DENTOFACIAL ORTHODONTICS | ||
| 250 | _a1ST | ||
| 260 |
_bQUINTESSENCE PUBLICATION _aCHICAGO _c1996 |
||
| 300 | _a1-695 | ||
| 650 | _aORTHODONTICS | ||
| 942 |
_2ddc _cBK |
||
| 999 |
_c4412 _d4412 |
||